O menej radikálnom prístupe k významu, esenciám a modalitám

M. Duží, B. Jespersen a P. Materna. Modálny monizmus nie je adekvátny a mal by byť nahradený dualistickým pohľadom, ako sa to vyskytuje napríklad v dvojrozmernej sémantike.

Saved in:
Bibliographic Details
Main Author: Schmidt, Martin
Format: Book Chapter
Language:Slovak
Subjects:
Tags: Add Tag
No Tags, Be the first to tag this record!

MARC

LEADER 00000naa a2200000 4500
001 0248849
005 20181113135916.0
041 0 |a slo 
044 |a SK 
245 1 0 |a O menej radikálnom prístupe k významu, esenciám a modalitám  |c Martin Schmidt 
520 |a M. Duží, B. Jespersen a P. Materna. Modálny monizmus nie je adekvátny a mal by byť nahradený dualistickým pohľadom, ako sa to vyskytuje napríklad v dvojrozmernej sémantike. 
610 2 0 |a filozofia 
610 2 0 |a modalita 
610 2 0 |a esencia 
610 2 0 |a sémantika 
610 2 0 |a analýza hodnotová 
100 1 |a Schmidt, Martin